000 00670cam a22002413a 4500
001 8994
003 PGUSA
005 20140828083207.0
008 050901s2005||||xxu|||||s|||||000 1 eng d
040 _aPGUSA
_beng
042 _adc
050 4 _aPZ
100 1 _aCoolidge, Susan,
_d1835-1905
245 1 0 _aWhat Katy Did
_h[electronic resource] /
_cSusan Coolidge
260 _bProject Gutenberg,
_c2005
506 _aPublic domain in the USA.
516 _aElectronic text
653 _aFamily life -- Juvenile fiction
653 _aSick -- Juvenile fiction
830 0 _aProject Gutenberg
_v8994
856 4 0 _uhttp://www.gutenberg.org/ebooks/8994
942 _cEB
999 _c238278
_d238278